| 000 | 00751nas a2200253 4500 | ||
|---|---|---|---|
| 001 | BR8903729 | ||
| 003 | BR-BrBNA | ||
| 005 | 20231205091634.0 | ||
| 007 | ta | ||
| 008 | 230509b bl.|||p| |||| 00| 00por d | ||
| 040 |
_aBR-BrBNA _bpor _cBiblioteca Nacional de Agricultura |
||
| 041 | _a(Pt) | ||
| 072 | _aF30 | ||
| 100 | 1 | _aMuller, S. | |
| 100 | 1 | _aBiasi, J. | |
| 245 | 1 | _aComportamento de cultivares de alho no planalto catarinense | |
| 650 | _aALHO | ||
| 650 | _aCOMPORTAMENTO DE VARIEDADE | ||
| 650 | _aMELHORAMENTO GENETICO VEGETAL | ||
| 650 | _aSANTA CATARINA | ||
| 773 | 0 |
_tHorticultura Brasileira (Brazil) _xISSN 0102-0536 _g(May 1989), v. 7(1) p. 7-9 _wBR8903729 |
|
| 909 |
_a202311 _bLúcia _c55 _dLúcia Elande |
||
| 942 |
_2AGRIS _n0 _cANA |
||
| 999 |
_c126362 _d126362 |
||